| 000 | 00324nam a22001337a 4500 | ||
|---|---|---|---|
| 003 | SGT | ||
| 082 |
_a610.7367 _bS05N |
||
| 100 | _aNATHAN, PRAKASH | ||
| 245 | _aSURGICAL & MEDICAL PROCEDURES FOR NURSES & PARA MEDICAL STAFF | ||
| 260 |
_aINDIA _bJAYPEE _c2005 |
||
| 300 | _a175 | ||
| 650 | _aSURGERY | ||
| 942 |
_2ddc _cBK _01 |
||
| 999 |
_c10907 _d10907 |
||